Metal Gear Solid - all Snakes - Statistics

General Stats
  • This quiz has been taken 339 times
  • The average score is 5 of 5
Answer Stats
Game Snake % Correct
MGS1 Solid Snake
100%
MGS3 Naked Snake
97%
MGS1 Liquid Snake
94%
MGSV Venom Snake
91%
MGS2 Solidus Snake
85%
No matching quizzes found
Score Distribution
Percent of People with Each Score
Percentile by Number Answered
Your Score History
You have not taken this quiz